Statistiques concernant Enigmes du Père Fouras #2

Cliquez ici pour prendre le quiz!

Statistiques générales

  • Ce quiz a été pris 84 fois
  • Le résultat moyen est 5 sur 20

Statistiques - réponses

QuestionsRéponses% Correct
C'est une apparence qui peut tromper.
Les femmes aiment s'en appliquer.
Parfois recouvrant les souliers.
Les oeuvres il sert à protéger.
Qui est-il ?
Le vernis
51%
D’une aile c’est l’extrémité.
En cuisine,
Il est battant.
Son coup nous remet sur pied
Qui est-il ?
Le fouet
44%
C'est un luminaire,
Il peut être oculaire.
Pour représenter la Terre,
Sa forme est une sphère.
Qui est-il ?
Le globe
44%
Il est toujours au cœur des flammes,
Mais c'est loin d'elles qu'on le fonde.
Encore nombreuses y sont les femmes,
Et les étudiants y abondent.
Qui est-il ?
Le foyer
40%
Il est souvent compris.
Il veut toujours aider.
Il est souvent gagnant.
Parfois vous le rendez.
Qui est-il ?
Le service
35%
Il peut être chiche sans se montrer,
S'il est cassé ce n'est pas par manque de soin.
Dans une assiette il est parfois très fin,
Sur un tissu c'est un gros grain.
Qui est-il ?
Le pois
32%
Il est parfois critique.
Il peut être invoqué.
Fort utile à l'équipe.
Son trait peut amuser.
Qui est-il ?
L'esprit
32%
C’est un gouffre au fond l’océan.
Les plongeurs y font leurs entrainements.
Un orchestre peut très bien s’y trouver.
Et certains animaux y sont en captivité.
Qui est-elle ?
La fosse
30%
Celle une cellule,
N’est pas celle blindée
C’est une opération,
Qui aide à mieux régner
Qui est-elle ?
La division
29%
C'est une excroissance ligneuse,
Qui donne au poids sa rareté.
Elle peut être une pierre précieuse,
Ou bien permet d'y voir plus près.
Qui est-elle ?
La loupe
27%
On lui fait constamment la peau.
A vos semelles il est collé.
Il est souvent rond au bureau.
En haut du crâne, il est perché.
Qui est-il ?
Le cuir
21%
Pour notre dos, c'est un soulagement,
Mais il peut se montrer brûlant.
Cette chemise n'est pas un vêtement,
Mais contient des documents.
Qui est-il ?
Le dossier
17%
Parfois mauvaise et redoutée,
Elle peut faire des blessés.
Qu'elle soit d'eau ou de reins.
Elle est aussi mot de la fin.
Qui est-elle ?
La chute
13%
Il est enfermé dans une cage,
Mais il n’est pas sauvage.
S’il peut rendre certains phobiques,
Les paresseux le trouvent tellement pratique.
Qui est-il ?
L'ascenseur
13%
C'est un oiseau qui nage et n'est pas frileux.
Mais aussi un poisson plutôt onéreux.
Cruel ou héroïque, il a pu se montrer
Dans la Rome antique, en maître, il a régné.
Qui est-il ?
L'empereur
13%
Très couru dès qu’il fait chaud.
L’alpiniste l’affronte et en vise le haut.
C’est une réserve naturelle,
Mais qui ne restera pas éternelle.
Qui est-il ?
Le glacier
11%
C’est un fameux tailleur de pièces.
Bravoure ou foi peut témoigner.
On le redoute à son passage,
Et il surprend s’il est manqué.
Qui est-il ?
L'acte
10%
Il peut vivre dans les mers,
Ou avoir une jument pour mère,
Dans les compétitions automobiles,
Cette voiture est parfois utile.
Qui est-il ?
Le mulet
10%
Elle enveloppe corps et bras,
c'est une feuille de tabac.
C'est une allure de voilier,
Longtemps elle fut liée à l'épée.
Qui est-elle ?
La cape
8%
On le fait souvent à regret.
Certaines personnes en font leur métier.
A deux, le sien on peut le monter,
Pour mieux le mettre en scène après.
Qui est-il ?
Le ménage
5%

Distribution des résultats

Percentile par nombre de réponses

% des personnes avec chaque résultat

Votre développement - résultats

Vous n’avez pas pris ce quiz